All Pokémon and their forms - Statistics

General Stats
  • This quiz has been taken 14 times
    13 since last reset
  • The average score is 134 of 1342
Answer Stats
No. Type Answer % Correct
#0026 Electric Raichu
100%
#0024 Poison Arbok
67%
#0059 Fire Arcanine
67%
#0015 Bug Poison Beedrill
67%
#0009 Water Blastoise
67%
#0001 Grass Poison Bulbasaur
67%
#0012 Bug Flying Butterfree
67%
#0010 Bug Caterpie
67%
#0006 Fire Flying Charizard
67%
#0004 Fire Charmander
67%
#0005 Fire Charmeleon
67%
#0036 Fairy Clefable
67%
#0035 Fairy Clefairy
67%
#0173 Fairy Cleffa
67%
#0050 Ground Diglett
67%
#0096 Psychic Drowzee
67%
#0051 Ground Dugtrio
67%
#0023 Poison Ekans
67%
#0022 Normal Flying Fearow
67%
#0092 Ghost Poison Gastly
67%
#0094 Ghost Poison Gengar
67%
#0074 Rock Ground Geodude
67%
#0044 Grass Poison Gloom
67%
#0042 Poison Flying Golbat
67%
#0118 Water Goldeen
67%
#0055 Water Golduck
67%
#0076 Rock Ground Golem
67%
#0075 Rock Ground Graveler
67%
#0058 Fire Growlithe
67%
#0130 Water Flying Gyarados
67%
#0093 Ghost Poison Haunter
67%
#0116 Water Horsea
67%
#0097 Psychic Hypno
67%
#0002 Grass Poison Ivysaur
67%
#0039 Normal Fairy Jigglypuff
67%
#0014 Bug Poison Kakuna
67%
#0131 Water Ice Lapras
67%
#0068 Fighting Machamp
67%
#0067 Fighting Machoke
67%
#0066 Fighting Machop
67%
#0129 Water Magikarp
67%
#0056 Fighting Mankey
67%
#0052 Normal Meowth
67%
#0011 Bug Metapod
67%
#0034 Poison Ground Nidoking
67%
#0031 Poison Ground Nidoqueen
67%
#0029 | #0032 Poison Nidoran
67%
#0030 Poison Nidorina
67%
#0033 Poison Nidorino
67%
#0038 Fire Ninetales
67%
#0043 Grass Poison Oddish
67%
#0053 Normal Persian
67%
#0018 Normal Flying Pidgeot
67%
#0017 Normal Flying Pidgeotto
67%
#0016 Normal Flying Pidgey
67%
#0025 Electric Pikachu
67%
#0077 Fire Ponyta
67%
#0054 Water Psyduck
67%
#0078 Fire Rapidash
67%
#0020 Normal Raticate
67%
#0019 Normal Rattata
67%
#0027 Ground Sandshrew
67%
#0028 Ground Sandslash
67%
#0117 Water Seadra
67%
#0119 Water Seaking
67%
#0021 Normal Flying Spearow
67%
#0007 Water Squirtle
67%
#0121 Water Psychic Starmie
67%
#0120 Water Staryu
67%
#0114 Grass Tangela
67%
#0072 Water Poison Tentacool
67%
#0073 Water Poison Tentacruel
67%
#0003 Grass Poison Venusaur
67%
#0045 Grass Poison Vileplume
67%
#0037 Fire Vulpix
67%
#0008 Water Wartortle
67%
#0013 Bug Poison Weedle
67%
#0040 Normal Fairy Wigglytuff
67%
#0041 Poison Flying Zubat
67%
#0063 Psychic Abra
33%
#0681 Steel Ghost Aegislash Shield
33%
#0142 Rock Flying Aerodactyl
33%
#0142 Rock Flying Aerodactyl Mega
33%
#0065 Psychic Alakazam
33%
#0065 Psychic Alakazam Mega
33%
#0869 Fairy Alcremie
33%
#0869 Fairy Alcremie Gigantamax
33%
#0334 Dragon Flying Altaria
33%
#0334 Dragon Fairy Altaria Mega
33%
#0181 Electric Ampharos
33%
#0979 Fighting Ghost Annihilape
33%
#0059 Fire Rock Arcanine Hisui
33%
#0144 Ice Flying Articuno
33%
#0144 Psychic Flying Articuno Galar
33%
#0153 Grass Bayleef
33%
#0015 Bug Poison Beedrill Mega
33%
#0182 Grass Bellossom
33%
#0069 Grass Poison Bellsprout
33%
#0009 Water Blastoise Gigantamax
33%
#0009 Water Blastoise Mega
33%
#0242 Normal Blissey
33%
#0012 Bug Flying Butterfree Gigantamax
33%
#0113 Normal Chansey
33%
#0006 Fire Flying Charizard Gigantamax
33%
#0006 Fire Dragon Charizard Mega X
33%
#0006 Fire Flying Charizard Mega Y
33%
#0152 Grass Chikorita
33%
#0036 Fairy Flying Clefable Mega
33%
#0980 Poison Ground Clodsire
33%
#0091 Water Ice Cloyster
33%
#0222 Water Rock Corsola
33%
#0222 Ghost Corsola Galar
33%
#0169 Poison Flying Crobat
33%
#0104 Ground Cubone
33%
#0864 Ghost Cursola
33%
#0087 Water Ice Dewgong
33%
#0050 Ground Steel Diglett Alola
33%
#0132 Normal Ditto
33%
#0085 Normal Flying Dodrio
33%
#0084 Normal Flying Doduo
33%
#0680 Steel Ghost Doublade
33%
#0148 Dragon Dragonair
33%
#0149 Dragon Flying Dragonite
33%
#0149 Dragon Flying Dragonite Mega
33%
#0147 Dragon Dratini
33%
#0051 Ground Steel Dugtrio Alola
33%
#0133 Normal Eevee
33%
#0133 Normal Eevee Gigantamax
33%
#0133 Normal Eevee Partner
33%
#0125 Electric Electabuzz
33%
#0466 Electric Electivire
33%
#0101 Electric Electrode
33%
#0101 Electric Grass Electrode Hisui
33%
#0239 Electric Elekid
33%
#0196 Psychic Espeon
33%
#0677 Psychic Espurr
33%
#0102 Grass Psychic Exeggcute
33%
#0103 Grass Psychic Exeggutor
33%
#0103 Grass Dragon Exeggutor Alola
33%
#0870 Fighting Falinks
33%
#0870 Fighting Falinks Mega
33%
#0083 Normal Flying Farfetch’d
33%
#0083 Fighting Farfetch’d Galar
33%
#0160 Water Feraligatr
33%
#0160 Water Dragon Feraligatr Mega
33%
#0136 Fire Flareon
33%
#0094 Ghost Poison Gengar Gigantamax
33%
#0094 Ghost Poison Gengar Mega
33%
#0074 Rock Electric Geodude Alola
33%
#0471 Ice Glaceon
33%
#0076 Rock Electric Golem Alola
33%
#0075 Rock Electric Graveler Alola
33%
#0088 Poison Grimer
33%
#0088 Poison Dark Grimer Alola
33%
#0058 Fire Rock Growlithe Hisui
33%
#0130 Water Dark Gyarados Mega
33%
#0440 Normal Happiny
33%
#0701 Fighting Flying Hawlucha
33%
#0701 Fighting Flying Hawlucha Mega
33%
#0214 Bug Fighting Heracross
33%
#0214 Bug Fighting Heracross Mega
33%
#0107 Fighting Hitmonchan
33%
#0106 Fighting Hitmonlee
33%
#0237 Fighting Hitmontop
33%
#0679 Steel Ghost Honedge
33%
#0174 Normal Fairy Igglybuff
33%
#0876 Psychic Normal Indeedee Female
33%
#0876 Psychic Normal Indeedee Male
33%
#0135 Electric Jolteon
33%
#0124 Ice Psychic Jynx
33%
#0140 Rock Water Kabuto
33%
#0141 Rock Water Kabutops
33%
#0064 Psychic Kadabra
33%
#0115 Normal Kangaskhan
33%
#0115 Normal Kangaskhan Mega
33%
#0230 Water Dragon Kingdra
33%
#0099 Water Kingler
33%
#0099 Water Kingler Gigantamax
33%
#0900 Bug Rock Kleavor
33%
#0109 Poison Koffing
33%
#0098 Water Krabby
33%
#0131 Water Ice Lapras Gigantamax
33%
#0470 Grass Leafeon
33%
#0463 Normal Lickilicky
33%
#0108 Normal Lickitung
33%
#0068 Fighting Machamp Gigantamax
33%
#0240 Fire Magby
33%
#0126 Fire Magmar
33%
#0467 Fire Magmortar
33%
#0081 Electric Steel Magnemite
33%
#0082 Electric Steel Magneton
33%
#0462 Electric Steel Magnezone
33%
#0105 Ground Marowak
33%
#0105 Fire Ghost Marowak Alola
33%
#0154 Grass Meganium
33%
#0154 Grass Fairy Meganium Mega
33%
#0678 Psychic Meowstic Female
33%
#0678 Psychic Meowstic Male
33%
#0052 Dark Meowth Alola
33%
#0052 Steel Meowth Galar
33%
#0052 Normal Meowth Gigantamax
33%
#0151 Psychic Mew
33%
#0150 Psychic Mewtwo
33%
#0150 Psychic Fighting Mewtwo Mega X
33%
#0150 Psychic Mewtwo Mega Y
33%
#0868 Fairy Milcery
33%
#0439 Psychic Fairy Mime Jr.
33%
#0146 Fire Flying Moltres
33%
#0146 Dark Flying Moltres Galar
33%
#0122 Psychic Fairy Mr. Mime
33%
#0122 Ice Psychic Mr. Mime Galar
33%
#0866 Ice Psychic Mr. Rime
33%
#0089 Poison Muk
33%
#0089 Poison Dark Muk Alola
33%
#0446 Normal Munchlax
33%
#0038 Ice Fairy Ninetales Alola
33%
#0138 Rock Water Omanyte
33%
#0139 Rock Water Omastar
33%
#0095 Rock Ground Onix
33%
#0046 Bug Grass Paras
33%
#0047 Bug Grass Parasect
33%
#0863 Steel Perrserker
33%
#0053 Dark Persian Alola
33%
#0172 Electric Pichu
33%
#0172 Electric Pichu Spiky-ear
33%
#0018 Normal Flying Pidgeot Mega
33%
#0025 Electric Pikachu Alola Cap
33%
#0025 Electric Pikachu Belle
33%
#0025 Electric Pikachu Cosplay
33%
#0025 Electric Pikachu Gigantamax
33%
#0025 Electric Pikachu Hoenn Cap
33%
#0025 Electric Pikachu Kalos Cap
33%
#0025 Electric Pikachu Libre
33%
#0025 Electric Pikachu Original Cap
33%
#0025 Electric Pikachu Partner
33%
#0025 Electric Pikachu Ph.D
33%
#0025 Electric Pikachu Pop Star
33%
#0025 Electric PIkachu Rock Star
33%
#0025 Electric Pikachu Sinnoh Cap
33%
#0025 Electric Pikachu Unova Cap
33%
#0025 Electric Pikachu World Cap
33%
#0127 Bug Pinsir
33%
#0127 Bug Flying Pinsir Mega
33%
#0186 Water Politoed
33%
#0060 Water Poliwag
33%
#0061 Water Poliwhirl
33%
#0062 Water Fighting Poliwrath
33%
#0077 Psychic Ponyta Galar
33%
#0137 Normal Porygon
33%
#0233 Normal Porygon2
33%
#0474 Normal Porygon-Z
33%
#0057 Fighting Primeape
33%
#0195 Water Ground Quagsire
33%
#0211 Water Poison Qwilfish
33%
#0211 Dark Poison Qwilfish Hisui
33%
#0026 Electric Psychic Raichu Alola
33%
#0078 Psychic Fairy Rapidash Galar
33%
#0020 Dark Normal Raticate Alola
33%
#0019 Dark Normal Rattata Alola
33%
#0112 Ground Rock Rhydon
33%
#0111 Ground Rock Rhyhorn
33%
#0464 Ground Rock Rhyperior
33%
#0027 Ice Steel Sandshrew Alola
33%
#0028 Ice Steel Sandslash Alola
33%
#0212 Bug Steel Scizor
33%
#0212 Bug Steel Scizor Mega
33%
#0123 Bug Flying Scyther
33%
#0086 Water Seel
33%
#0090 Water Shellder
33%
#0865 Fighting Sirfetch'd
33%
#0227 Steel Flying Skarmory
33%
#0080 Water Psychic Slowbro
33%
#0080 Poison Psychic Slowbro Galar
33%
#0080 Water Psychic Slowbro Mega
33%
#0199 Water Psychic Slowking
33%
#0199 Poison Psychic Slowking Galar
33%
#0079 Water Psychic Slowpoke
33%
#0079 Psychic Slowpoke Galar
33%
#0238 Ice Psychic Smoochum
33%
#0215 Dark Ice Sneasel
33%
#0215 Poison Fighting Sneasel Hisui
33%
#0143 Normal Snorlax
33%
#0143 Normal Snorlax Gigantamax
33%
#0121 Water Psychic Starmie Mega
33%
#0208 Steel Ground Steelix
33%
#0333 Normal Flying Swablu
33%
#0700 Fairy Sylveon
33%
#0465 Grass Tangrowth
33%
#0128 Normal Tauros
33%
#0128 Fighting Water Tauros Paldea Aqua Breed
33%
#0128 Fighting Fire Tauros Paldea Blaze Breed
33%
#0128 Fighting Tauros Paldea Combat Breed
33%
#0948 Ground Grass Toedscool
33%
#0949 Ground Grass Toedscruel
33%
#0468 Fairy Flying Togekiss
33%
#0175 Fairy Togepi
33%
#0176 Fairy Flying Togetic
33%
#0157 Fire Typhlosion
33%
#0157 Fire Ghost Typhlosion Hisui
33%
#0236 Fighting Tyrogue
33%
#0197 Dark Umbreon
33%
#0201 Psychic Unown
33%
#0134 Water Vaporeon
33%
#0049 Bug Poison Venomoth
33%
#0048 Bug Poison Venonat
33%
#0003 Grass Poison Venusaur Gigantamax
33%
#0003 Grass Poison Venusaur Mega
33%
#0071 Grass Poison Victreebel
33%
#0071 Grass Poison Victreebel Mega
33%
#0100 Electric Voltorb
33%
#0100 Electric Grass Voltorb Hisui
33%
#0037 Ice Vulpix Alola
33%
#0070 Grass Poison Weepinbell
33%
#0110 Poison Weezing
33%
#0110 Poison Fairy Weezing Galar
33%
#0960 Water Wiglett
33%
#0194 Water Ground Wooper
33%
#0194 Poison Ground Wooper Paldea
33%
#0961 Water Wugtrio
33%
#0145 Electric Flying Zapdos
33%
#0145 Fighting Flying Zapdos Galar
33%
#0460 Grass Ice Abomasnow
0%
#0460 Grass Ice Abomasnow Mega
0%
#0359 Dark Absol
0%
#0359 Dark Absol Mega
0%
#0617 Bug Accelgor
0%
#0681 Steel Ghost Aegislash Blade
0%
#0306 Steel Rock Aggron
0%
#0306 Steel Aggron Mega
0%
#0190 Normal Aipom
0%
#0594 Water Alomomola
0%
#0698 Rock Ice Amaura
0%
#0424 Normal Ambipom
0%
#0591 Grass Poison Amoonguss
0%
#0181 Dragon Electric Ampharos Mega
0%
#0347 Rock Bug Anorith
0%
#0842 Grass Dragon Appletun
0%
#0842 Grass Dragon Appletun Gigantamax
0%
#0840 Grass Dragon Applin
0%
#0752 Water Bug Araquanid
0%
#0930 Grass Normal Arboliva
0%
#0493 Normal Arceus
0%
#1018 Steel Dragon Archaludon
0%
#0566 Rock Flying Archen
0%
#0567 Rock Flying Archeops
0%
#0997 Dragon Ice Arctibax
0%
#0883 Water Ice Arctovish
0%
#0881 Electric Ice Arctozolt
0%
#0168 Bug Poison Ariados
0%
#0348 Rock Bug Armaldo
0%
#0936 Fire Psychic Armarouge
0%
#0683 Fairy Aromatisse
0%
#0304 Steel Rock Aron
0%
#0846 Water Arrokuda
0%
#0531 Normal Audino
0%
#0531 Normal Fairy Audino Mega
0%
#0699 Rock Ice Aurorus
0%
#0713 Ice Avalugg
0%
#0713 Ice Rock Avalugg Hisui
0%
#0610 Dragon Axew
0%
#0482 Psychic Azelf
0%
#0184 Water Fairy Azumarill
0%
#0298 Normal Fairy Azurill
0%
#0371 Dragon Bagon
0%
#0343 Ground Psychic Baltoy
0%
#0354 Ghost Banette
0%
#0354 Ghost Banette Mega
0%
#0689 Rock Water Barbaracle
0%
#0689 Rock Fighting Barbaracle Mega
0%
#0339 Water Ground Barboach
0%
#0847 Water Barraskewda
0%
#0902 Water Ghost Basculegion Female
0%
#0902 Water Ghost Basculegion Male
0%
#0550 Water Basculin Blue Stripe
0%
#0550 Water Basculin Red Stripe
0%
#0550 Water Basculin White Stripe
0%
#0411 Rock Steel Bastiodon
0%
#0998 Dragon Ice Baxcalibur
0%
#0614 Ice Beartic
0%
#0267 Bug Flying Beautifly
0%
#0606 Psychic Beheeyem
0%
#0374 Steel Psychic Beldum
0%
#0939 Electric Bellibolt
0%
#0712 Ice Bergmite
0%
#0760 Normal Fighting Bewear
0%
#0400 Normal Water Bibarel
0%
#0399 Normal Bidoof
0%
#0688 Rock Water Binacle
0%
#0625 Dark Steel Bisharp
0%
#0806 Fire Ghost Blacephalon
0%
#0257 Fire Fighting Blaziken
0%
#0257 Fire Fighting Blaziken Mega
0%
#0824 Bug Blipbug
0%
#0522 Electric Blitzle
0%
#0525 Rock Boldore
0%
#0836 Electric Boltund
0%
#0962 Flying Dark Bombirdier
0%
#0438 Rock Bonsly
0%
#0626 Normal Bouffalant
0%
#0761 Grass Bounsweet
0%
#0654 Fire Braixen
0%
#0947 Grass Ghost Brambleghast
0%
#0946 Grass Ghost Bramblin
0%
#0628 Normal Flying Braviary
0%
#0628 Psychic Flying Braviary Hisui
0%
#0286 Grass Fighting Breloom
0%
#0729 Water Brionne
0%
#0437 Steel Psychic Bronzong
0%
#0436 Steel Psychic Bronzor
0%
#0986 Grass Dark Brute Bonnet
0%
#0779 Water Psychic Bruxish
0%
#0406 Grass Poison Budew
0%
#0418 Water Buizel
0%
#0427 Normal Buneary
0%
#0659 Normal Bunnelby
0%
#0412 Bug Burmy Plant Cloak
0%
#0412 Bug Burmy Sandy Cloak
0%
#0412 Bug Burmy Trash Cloak
0%
#0794 Bug Fighting Buzzwole
0%
#0331 Grass Cacnea
0%
#0332 Grass Dark Cacturne
0%
#0898 Psychic Grass Calyrex
0%
#0898 Psychic Ice Calyrex Ice Rider
0%
#0898 Psychic Ghost Calyrex Shadow Rider
0%
#0323 Fire Ground Camerupt
0%
#0323 Fire Ground Camerupt Mega
0%
#0951 Grass Capsakid
0%
#0703 Rock Fairy Carbink
0%
#0838 Rock Fire Carkol
0%
#0455 Grass Carnivine
0%
#0565 Water Rock Carracosta
0%
#0318 Water Dark Carvanha
0%
#0268 Bug Cascoon
0%
#0351 Normal Castform
0%
#0351 Water Castform Rainy
0%
#0351 Fire Castform Sunny
0%
#0351 Ice Castform Windy
0%
#0251 Psychic Grass Celebi
0%
#0797 Steel Flying Celesteela
0%
#0851 Fire Bug Centiskorch
0%
#0851 Fire Bug Centiskorch Gigantamax
0%
#0937 Fire Ghost Ceruledge
0%
#0975 Ice Cetitan
0%
#0974 Ice Cetoddle
0%
#0609 Ghost Fire Chandelure
0%
#0609 Ghost Fire Chandelure Mega
0%
#0935 Fire Charcadet
0%
#0737 Bug Electric Charjabug
0%
#0441 Normal Flying Chatot
0%
#0421 Grass Cherrim Overcast
0%
#0421 Grass Cherrim Sunshine
0%
#0420 Grass Cherubi
0%
#0652 Grass Fighting Chesnaught
0%
#0652 Grass Fighting Chesnaught Mega
0%
#0650 Grass Chespin
0%
#0833 Water Chewtle
0%
#1002 Dark Ice Chien-Pao
0%
#0390 Fire Chimchar
0%
#0358 Psychic Chimecho
0%
#0170 Water Electric Chinchou
0%
#0433 Psychic Chingling
0%
#1004 Dark Fire Chi-Yu
0%
#0573 Normal Cinccino
0%
#0815 Fire Cinderace
0%
#0815 Fire Cinderace Gigantamax
0%
#0366 Water Clamperl
0%
#0692 Water Clauncher
0%
#0693 Water Clawitzer
0%
#0344 Ground Psychic Claydol
0%
#0852 Fighting Clobbopus
0%
#0839 Rock Fire Coalossal
0%
#0839 Rock Fire Coalossal Gigantamax
0%
#0638 Steel Fighting Cobalion
0%
#0563 Ghost Cofagrigus
0%
#0415 Bug Flying Combee
0%
#0256 Fire Fighting Combusken
0%
#0764 Fairy Comfey
0%
#0534 Fighting Conkeldurr
0%
#0879 Steel Copperajah
0%
#0879 Steel Copperajah Gigantamax
0%
#0341 Water Corphish
0%
#0823 Flying Steel Corviknight
0%
#0823 Flying Steel Corviknight Gigantamax
0%
#0822 Flying Corvisquire
0%
#0790 Psychic Cosmoem
0%
#0789 Psychic Cosmog
0%
#0546 Grass Fairy Cottonee
0%
#0740 Fighting Ice Crabominable
0%
#0739 Fighting Crabrawler
0%
#0346 Rock Grass Cradily
0%
#0845 Flying Water Cramorant
0%
#0845 Flying Water Cramorant Gorging
0%
#0845 Flying Water Cramorant Gulping
0%
#0408 Rock Cranidos
0%
#0342 Water Dark Crawdaunt
0%
#0488 Psychic Cresselia
0%
#0453 Poison Fighting Croagunk
0%
#0910 Fire Crocalor
0%
#0159 Water Croconaw
0%
#0558 Bug Rock Crustle
0%
#0615 Ice Cryogonal
0%
#0613 Ice Cubchoo
0%
#0878 Steel Cufant
0%
#0742 Bug Fairy Cutiefly
0%
#0967 Dragon Normal Cyclizar
0%
#0155 Fire Cyndaquil
0%
#0927 Fairy Dachsbun
0%
#0491 Dark Darkrai
0%
#0555 Fire Darmanitan
0%
#0555 Ice Darmanitan Galar
0%
#0555 Ice Fire Darmanitan Galar Zen
0%
#0555 Fire Psychic Darmanitan Zen
0%
#0723 Grass Flying Dartrix
0%
#0554 Fire Darumaka
0%
#0554 Ice Darumaka Galar
0%
#0724 Grass Ghost Decidueye
0%
#0724 Grass Fighting Decidueye Hisui
0%
#0702 Electric Fairy Dedenne
0%
#0585 Normal Grass Deerling Autumn
0%
#0585 Normal Grass Deerling Spring
0%
#0585 Normal Grass Deerling Summer
0%
#0585 Normal Grass Deerling Winter
0%
#0633 Dark Dragon Deino
0%
#0301 Normal Delcatty
0%
#0225 Ice Flying Delibird
0%
#0655 Fire Psychic Delphox
0%
#0655 Fire Psychic Delphox Mega
0%
#0386 Psychic Deoxys
0%
#0386 Psychic Deoxys Attack
0%
#0386 Psychic Deoxys Defense
0%
#0386 Psychic Deoxys Speed
0%
#0502 Water Dewott
0%
#0751 Water Bug Dewpider
0%
#0781 Ghost Grass Dhelmise
0%
#0483 Steel Dragon Dialga
0%
#0483 Steel Dragon Dialga Origin
0%
#0719 Rock Fairy Diancie
0%
#0719 Rock Fairy Diancie Mega
0%
#0660 Normal Ground Diggersby
0%
#1011 Grass Dragon Dipplin
0%
#0929 Grass Normal Dolliv
0%
#0977 Water Dondozo
0%
#0232 Ground Donphan
0%
#0825 Bug Psychic Dottler
0%
#0882 Water Dragon Dracovish
0%
#0880 Electric Dragon Dracozolt
0%
#0691 Poison Dragon Dragalge
0%
#0691 Poison Dragon Dragalge Mega
0%
#0887 Dragon Ghost Dragapult
0%
#0886 Dragon Ghost Drakloak
0%
#0780 Normal Dragon Drampa
0%
#0780 Normal Dragon Drampa Mega
0%
#0452 Poison Dark Drapion
0%
#0834 Water Rock Drednaw
0%
#0834 Water Rock Drednaw Gigantamax
0%
#0885 Dragon Ghost Dreepy
0%
#0426 Ghost Flying Drifblim
0%
#0425 Ghost Flying Drifloon
0%
#0529 Ground Drilbur
0%
#0817 Water Drizzile
0%
#0621 Dragon Druddigon
0%
#0832 Normal Dubwool
0%
#0580 Water Flying Ducklett
0%
#0982 Normal Dudunsparce
0%
#0206 Normal Dunsparce
0%
#0578 Psychic Duosion
0%
#0884 Steel Dragon Duraludon
0%
#0884 Steel Dragon Duraludon Gigantamax
0%
#0632 Bug Steel Durant
0%
#0356 Ghost Dusclops
0%
#0477 Ghost Dusknoir
0%
#0355 Ghost Duskull
0%
#0269 Bug Poison Dustox
0%
#0557 Bug Rock Dwebble
0%
#0603 Electric Eelektrik
0%
#0604 Electric Eelektross
0%
#0604 Electric Eelektross Mega
0%
#0875 Ice Eiscue Ice Face
0%
#0875 Ice Eiscue Noice Face
0%
#0830 Grass Eldegoss
0%
#0309 Electric Electrike
0%
#0605 Psychic Elgyem
0%
#0500 Fire Fighting Emboar
0%
#0500 Fire Fighting Emboar Mega
0%
#0587 Electric Flying Emolga
0%
#0395 Water Steel Empoleon
0%
#0905 Fairy Flying Enamorus Incarnate
0%
#0905 Fairy Flying Enamorus Therian
0%
#0244 Fire Entei
0%
#0589 Bug Steel Escavalier
0%
#0956 Psychic Espathra
0%
#0890 Poison Dragon Eternatus
0%
#0890 Poison Dragon Eternatus Eternamax
0%
#0530 Ground Steel Excadrill
0%
#0530 Ground Steel Excadrill Mega
0%
#0295 Normal Exploud
0%
#0981 Normal Psychic Farigiraf
0%
#0349 Water Feebas
0%
#0653 Fire Fennekin
0%
#0597 Grass Steel Ferroseed
0%
#0598 Grass Steel Ferrothorn
0%
#1016 Poison Fairy Fezandipiti
0%
#0926 Fairy Fidough
0%
#0963 Water Finizen
0%
#0456 Water Finneon
0%
#0180 Electric Flaaffy
0%
#0669 Fairy Flabébé Blue Flower
0%
#0669 Fairy Flabébé Orange Flower
0%
#0669 Fairy Flabébé Red Flower
0%
#0669 Fairy Flabébé White Flower
0%
#0669 Fairy Flabébé Yellow Flower
0%
#0973 Flying Fighting Flamigo
0%
#0841 Grass Dragon Flapple
0%
#0841 Grass Dragon Flapple Gigantamax
0%
#0662 Fire Flying Fletchinder
0%
#0661 Normal Flying Fletchling
0%
#0955 Psychic Flittle
0%
#0419 Water Floatzel
0%
#0670 Fairy Floette Blue Flower
0%
#0670 Fairy Floette Eternal
0%
#0670 Fairy Floette Eternal Mega
0%
#0670 Fairy Floette Orange Flower
0%
#0670 Fairy Floette Red Flower
0%
#0670 Fairy Floette White Flower
0%
#0670 Fairy Floette Yellow Flower
0%
#0907 Grass Floragato
0%
#0671 Fairy Florges Blue Flower
0%
#0671 Fairy Florges Orange Flower
0%
#0671 Fairy Florges Red Flower
0%
#0671 Fairy Florges White Flower
0%
#0671 Fairy Florges Yellow Flower
0%
#0987 Ghost Fairy Flutter Mane
0%
#0330 Ground Dragon Flygon
0%
#0753 Grass Fomantis
0%
#0590 Grass Poison Foongus
0%
#0205 Bug Steel Forretress
0%
#0611 Dragon Fraxure
0%
#0996 Dragon Ice Frigibax
0%
#0592 Water Ghost Frillish Female
0%
#0592 Water Ghost Frillish Male
0%
#0656 Water Froakie
0%
#0657 Water Frogadier
0%
#0478 Ice Ghost Froslass
0%
#0478 Ice Ghost Froslass Mega
0%
#0873 Ice Bug Frosmoth
0%
#0909 Fire Fuecoco
0%
#0676 Normal Furfrou
0%
#0676 Normal Furfrou Dandy Trim
0%
#0676 Normal Furfrou Debutante Trim
0%
#0676 Normal Furfrou Diamond Trim
0%
#0676 Normal Furfrou Heart Trim
0%
#0676 Normal Furfrou Kabuki Trim
0%
#0676 Normal Furfrou La Reine Trim
0%
#0676 Normal Furfrou Matron Trim
0%
#0676 Normal Furfrou Pharoah Trim
0%
#0676 Normal Furfrou Star Trim
0%
#0162 Normal Furret
0%
#0444 Dragon Ground Gabite
0%
#0475 Psychic Fighting Gallade
0%
#0475 Psychic Fighting Gallade Mega
0%
#0596 Bug Electric Galvantula
0%
#0569 Poison Garbodor
0%
#0569 Poison Garbodor Gigantamax
0%
#0445 Dragon Ground Garchomp
0%
#0445 Dragon Ground Garchomp Mega
0%
#0282 Psychic Fairy Gardevoir
0%
#0282 Psychic Fairy Gardevoir Mega
0%
#0934 Rock Garganacl
0%
#0423 Water Ground Gastrodon East Sea
0%
#0423 Water Ground Gastrodon West Sea
0%
#0649 Bug Steel Genesect
0%
#0649 Bug Steel Genesect Burn Drive
0%
#0649 Bug Steel Genesect Chill Drive
0%
#0649 Bug Steel Genesect Douse Drive
0%
#0649 Bug Steel Genesect Shock Drive
0%
#1000 Steel Ghost Gholdengo
0%
#0443 Dragon Ground Gible
0%
#0526 Rock Gigalith
0%
#0999 Ghost Gimmighoul Chest
0%
#0999 Ghost Gimmighoul Roaming
0%
#0203 Normal Psychic Girafarig
0%
#0487 Ghost Dragon Giratina Altered
0%
#0487 Ghost Dragon Giratina Origin
0%
#0362 Ice Glalie
0%
#0362 Ice Glalie Mega
0%
#0431 Normal Glameow
0%
#0896 Ice Glastrier
0%
#0207 Ground Flying Gligar
0%
#0969 Rock Poison Glimmet
0%
#0970 Rock Poison Glimmora
0%
#0472 Ground Flying Gliscor
0%
#0673 Grass Gogoat
0%
#0622 Ground Ghost Golett
0%
#0768 Bug Water Golisopod
0%
#0623 Ground Ghost Golurk
0%
#0706 Dragon Goodra
0%
#0706 Steel Dragon Goodra Hisui
0%
#0704 Dragon Goomy
0%
#0368 Water Gorebyss
0%
#0829 Grass Gossifleur
0%
#0574 Psychic Gothita
0%
#0576 Psychic Gothitelle
0%
#0575 Psychic Gothorita
0%
#1020 Fire Dragon Gouging Fire
0%
#0711 Ghost Grass Gourgeist Average
0%
#0711 Ghost Grass Gourgeist Large
0%
#0711 Ghost Grass Gourgeist Small
0%
#0711 Ghost Grass Gourgeist Super
0%
#0945 Poison Normal Grafaiai
0%
#0210 Fairy Granbull
0%
#0853 Fighting Grapploct
0%
#0984 Ground Fighting Great Tusk
0%
#0971 Ghost Greavard
0%
#0820 Normal Greedent
0%
#0658 Water Dark Greninja
0%
#0658 Water Dark Greninja Ash
0%
#0658 Water Dark Greninja Mega
0%
#0861 Dark Fairy Grimmsnarl
0%
#0861 Dark Fairy Grimmsnarl Gigantamax
0%
#0810 Grass Grookey
0%
#0388 Grass Grotle
0%
#0383 Ground Groudon
0%
#0383 Ground Fire Groudon Primal
0%
#0253 Grass Grovyle
0%
#0736 Bug Grubbin
0%
#0326 Psychic Grumpig
0%
#0316 Poison Gulpin
0%
#0735 Normal Gumshoos
0%
#0533 Fighting Gurdurr
0%
#0799 Dark Dragon Guzzlord
0%
#0783 Dragon Fighting Hakamo-o
0%
#0297 Fighting Hariyama
0%
#0856 Psychic Hatenna
0%
#0858 Psychic Fairy Hatterene
0%
#0858 Psychic Fairy Hatterene Gigantamax
0%
#0857 Psychic Hattrem
0%
#0612 Dragon Haxorus
0%
#0631 Fire Heatmor
0%
#0485 Fire Steel Heatran
0%
#0695 Electric Normal Heliolisk
0%
#0694 Electric Normal Helioptile
0%
#0507 Normal Herdier
0%
#0449 Ground Hippopotas
0%
#0450 Ground Hippowdon
0%
#0430 Dark Flying Honchkrow
0%
#0250 Fire Flying Ho-Oh
0%
#0720 Psychic Ghost Hoopa Confined
0%
#0720 Dark Psychic Hoopa Unbound
0%
#0163 Normal Flying Hoothoot
0%
#0187 Grass Flying Hoppip
0%
#0229 Dark Fire Houndoom
0%
#0229 Dark Fire Houndoom Mega
0%
#0228 Dark Fire Houndour
0%
#0972 Ghost Houndstone
0%
#0367 Water Huntail
0%
#1019 Grass Dragon Hydrapple
0%
#0635 Dark Dragon Hydreigon
0%
#0314 Bug Illumise
0%
#0859 Dark Fairy Impidimp
0%
#0727 Fire Dark Incineroar
0%
#0392 Fire Fighting Infernape
0%
#0686 Dark Psychic Inkay
0%
#0818 Water Inteleon
0%
#0818 Water Inteleon Gigantamax
0%
#1022 Rock Psychic Iron Boulder
0%
#0991 Ice Water Iron Bundle
0%
#1023 Steel Psychic Iron Crown
0%
#0992 Fighting Electric Iron Hands
0%
#0993 Dark Flying Iron Jugulis
0%
#1010 Grass Psychic Iron Leaves
0%
#0994 Fire Poison Iron Moth
0%
#0995 Rock Electric Iron Thorns
0%
#0990 Ground Steel Iron Treads
0%
#1006 Fairy Fighting Iron Valiant
0%
#0782 Dragon Jangmo-o
0%
#0593 Water Ghost Jellicent Female
0%
#0593 Water Ghost Jellicent Male
0%
#0385 Steel Psychic Jirachi
0%
#0595 Bug Electric Joltik
0%
#0189 Grass Flying Jumpluff
0%
#0588 Bug Karrablast
0%
#0798 Grass Steel Kartana
0%
#0352 Normal Kecleon
0%
#0647 Water Fighting Keldeo
0%
#0647 Water Fighting Keldeo Resolute
0%
#0941 Electric Flying Kilowattrel
0%
#0983 Dark Steel Kingambit
0%
#0281 Psychic Fairy Kirlia
0%
#0600 Steel Klang
0%
#0950 Rock Klawf
0%
#0707 Steel Fairy Klefki
0%
#0599 Steel Klink
0%
#0601 Steel Klinklang
0%
#0775 Normal Komala
0%
#0784 Dragon Fighting Kommo-o
0%
#1007 Fighting Dragon Koraidon
0%
#0401 Bug Kricketot
0%
#0402 Bug Kricketune
0%
#0552 Ground Dark Krokorok
0%
#0553 Ground Dark Krookodile
0%
#0891 Fighting Kubfu
0%
#0382 Water Kyogre
0%
#0382 Water Kyogre Primal
0%
#0646 Dragon Ice Kyurem
0%
#0646 Dragon Ice Kyurem Black
0%
#0646 Dragon Ice Kyurem White
0%
#0305 Steel Rock Lairon
0%
#0608 Ghost Fire Lampent
0%
#0645 Ground Flying Landorus Incarnate
0%
#0645 Ground Flying Landorus Therian
0%
#0171 Water Electric Lanturn
0%
#0636 Bug Fire Larvesta
0%
#0246 Rock Ground Larvitar
0%
#0380 Dragon Psychic Latias
0%
#0380 Dragon Psychic Latias Mega
0%
#0381 Dragon Psychic Latios
0%
#0381 Dragon Psychic Latios Mega
0%
#0542 Bug Grass Leavanny
0%
#0915 Normal Lechonk
0%
#0166 Bug Flying Ledian
0%
#0165 Bug Flying Ledyba
0%
#0510 Dark Liepard
0%
#0345 Rock Grass Lileep
0%
#0549 Grass Lilligant
0%
#0549 Grass Fighting Lilligant Hisui
0%
#0506 Normal Lillipup
0%
#0264 Normal Linoone
0%
#0264 Dark Normal Linoone Galar
0%
#0667 Fire Normal Litleo
0%
#0725 Fire Litten
0%
#0607 Ghost Fire Litwick
0%
#0920 Bug Dark Lokix
0%
#0271 Water Grass Lombre
0%
#0428 Normal Lopunny
0%
#0428 Normal Fighting Lopunny Mega
0%
#0270 Water Grass Lotad
0%
#0294 Normal Loudred
0%
#0448 Fighting Steel Lucario
0%
#0448 Fighting Steel Lucario Mega
0%
#0272 Water Grass Ludicolo
0%
#0249 Psychic Flying Lugia
0%
#0457 Water Lumineon
0%
#0792 Psychic Ghost Lunala
0%
#0337 Rock Psychic Lunatone
0%
#0754 Grass Lurantis
0%
#0370 Water Luvdisc
0%
#0404 Electric Luxio
0%
#0405 Electric Luxray
0%
#0745 Rock Lycanroc Dusk
0%
#0745 Rock Lycanroc Midday
0%
#0745 Rock Lycanroc Midnight
0%
#0943 Dark Mabosstiff
0%
#0219 Fire Rock Magcargo
0%
#0801 Steel Fairy Magearna
0%
#0801 Steel Fairy Magearna Original
0%
#0296 Fighting Makuhita
0%
#0687 Dark Psychic Malamar
0%
#0687 Dark Psychic Malamar Mega
0%
#0473 Ice Ground Mamoswine
0%
#0490 Water Manaphy
0%
#0630 Dark Flying Mandibuzz
0%
#0310 Electric Manectric
0%
#0310 Electric Manectric Mega
0%
#0226 Water Flying Mantine
0%
#0458 Water Flying Mantyke
0%
#0556 Grass Maractus
0%
#0747 Poison Water Mareanie
0%
#0179 Electric Mareep
0%
#0183 Water Fairy Marill
0%
#0802 Fighting Ghost Marshadow
0%
#0259 Water Ground Marshtomp
0%
#0942 Dark Maschiff
0%
#0284 Bug Flying Masquerain
0%
#0925 Normal Maushold Family of 3
0%
#0925 Normal Maushold Family of 4
0%
#0303 Steel Fairy Mawile
0%
#0303 Steel Fairy Mawile Mega
0%
#0308 Fighting Psychic Medicham
0%
#0308 Fighting Psychic Medicham Mega
0%
#0307 Fighting Psychic Meditite
0%
#0809 Steel Melmetal
0%
#0809 Steel Melmetal Gigantamax
0%
#0648 Normal Psychic Meloetta Aria
0%
#0648 Normal Fighting Meloetta Pirouette
0%
#0808 Steel Meltan
0%
#0908 Grass Dark Meowscarada
0%
#0481 Psychic Mesprit
0%
#0376 Steel Psychic Metagross
0%
#0376 Steel Psychic Metagross Mega
0%
#0375 Steel Psychic Metang
0%
#0619 Fighting Mienfoo
0%
#0620 Fighting Mienshao
0%
#0262 Dark Mightyena
0%
#0350 Water Milotic
0%
#0241 Normal Miltank
0%
#0778 Ghost Fairy Mimikyu Busted
0%
#0778 Ghost Fairy Mimikyu Disguised
0%
#0572 Normal Minccino
0%
#0774 Rock Flying Minior Blue Core
0%
#0774 Rock Flying Minior Green Core
0%
#0774 Rock Flying Minior Indigo Core
0%
#0774 Rock Flying Minior Meteor
0%
#0774 Rock Flying Minior Orange Core
0%
#0774 Rock Flying Minior Red Core
0%
#0774 Rock Flying Minior Violet Core
0%
#0774 Rock Flying Minior Yellow Core
0%
#0312 Electric Minun
0%
#1008 Electric Dragon Miraidon
0%
#0200 Ghost Misdreavus
0%
#0429 Ghost Mismagius
0%
#0391 Fire Fighting Monferno
0%
#0755 Grass Fairy Morelull
0%
#0860 Dark Fairy Morgrem
0%
#0877 Electric Dark Morpeko Full Belly
0%
#0877 Electric Dark Morpeko Hangry
0%
#0414 Bug Flying Mothim
0%
#0749 Ground Mudbray
0%
#0258 Water Mudkip
0%
#0750 Ground Mudsdale
0%
#1015 Poison Psychic Munkidori
0%
#0517 Psychic Munna
0%
#0198 Dark Flying Murkrow
0%
#0518 Psychic Musharna
0%
#0932 Rock Nacli
0%
#0933 Rock Naclstack
0%
#0804 Poison Dragon Naganadel
0%
#0177 Psychic Flying Natu
0%
#0800 Psychic Necrozma
0%
#0800 Psychic Ghost Necrozma Dawn Wings
0%
#0800 Psychic Steel Necrozma Dusk Mane
0%
#0800 Psychic Dragon Necrozma Ultra
0%
#0827 Dark Nickit
0%
#0793 Rock Poison Nihilego
0%
#0290 Bug Ground Nincada
0%
#0291 Bug Flying Ninjask
0%
#0164 Normal Flying Noctowl
0%
#0714 Flying Dragon Noibat
0%
#0715 Flying Dragon Noivern
0%
#0299 Rock Nosepass
0%
#0322 Fire Ground Numel
0%
#0274 Grass Dark Nuzleaf
0%
#0919 Bug Nymble
0%
#0862 Dark Normal Obstagoon
0%
#0224 Water Octillery
0%
#1017 Grass Ogerpon
0%
#1017 Grass Rock Ogerpon Cornerstone Mask
0%
#1017 Grass Fire Ogerpon Hearthflame Mask
0%
#1017 Grass Water Ogerpon Wellspring Mask
0%
#0916 Normal Oinkologne Female
0%
#0916 Normal Oinkologne Male
0%
#1014 Poison Fighting Okidogi
0%
#0765 Normal Psychic Oranguru
0%
#0826 Bug Psychic Orbeetle
0%
#0826 Bug Psychic Orbeetle Gigantamax
0%
#0741 Fire Flying Oricorio Baile
0%
#0741 Psychic Flying Oricorio Pa'u
0%
#0741 Electric Flying Oricorio Pom-Pom
0%
#0741 Ghost Flying Oricorio Sensu
0%
#0968 Steel Orthworm
0%
#0501 Water Oshawott
0%
#0904 Dark Poison Overqwil
0%
#0417 Electric Pachirisu
0%
#0964 Water Palafin Hero
0%
#0964 Water Palafin Zero
0%
#0484 Water Dragon Palkia
0%
#0484 Water Dragon Palkia Origin
0%
#0770 Ghost Ground Palossand
0%
#0536 Water Ground Palpitoad
0%
#0674 Fighting Pancham
0%
#0675 Fighting Dark Pangoro
0%
#0515 Water Panpour
0%
#0511 Grass Pansage
0%
#0513 Fire Pansear
0%
#0766 Fighting Passimian
0%
#0504 Normal Patrat
0%
#0921 Electric Pawmi
0%
#0922 Electric Fighting Pawmo
0%
#0923 Electric Fighting Pawmot
0%
#0624 Dark Steel Pawniard
0%
#1025 Poison Ghost Pecharunt
0%
#0279 Water Flying Pelipper
0%
#0548 Grass Petilil
0%
#0231 Ground Phanpy
0%
#0708 Ghost Grass Phantump
0%
#0795 Bug Fighting Pheromosa
0%
#0489 Water Phione
0%
#0519 Normal Flying Pidove
0%
#0499 Fire Fighting Pignite
0%
#0731 Normal Flying Pikipek
0%
#0221 Ice Ground Piloswine
0%
#0871 Electric Pincurchin
0%
#0204 Bug Pineco
0%
#0393 Water Piplup
0%
#0311 Electric Plusle
0%
#0803 Poison Poipole
0%
#1012 Grass Ghost Poltchageist Artisan
0%
#1012 Grass Ghost Poltchageist Counterfeit
0%
#0855 Ghost Polteageist Antique
0%
#0855 Ghost Polteageist Phony
0%
#0261 Dark Poochyena
0%
#0728 Water Popplio
0%
#0730 Water Fairy Primarina
0%
#0394 Water Prinplup
0%
#0476 Rock Steel Probopass
0%
#0710 Ghost Grass Pumpkaboo Average
0%
#0710 Ghost Grass Pumpkaboo Large
0%
#0710 Ghost Grass Pumpkaboo Small
0%
#0710 Ghost Grass Pumpkaboo Super
0%
#0247 Rock Ground Pupitar
0%
#0509 Dark Purrloin
0%
#0432 Normal Purugly
0%
#0668 Fire Normal Pyroar Female
0%
#0668 Fire Normal Pyroar Male
0%
#0668 Fire Normal Pyroar Mega
0%
#0771 Water Pyukumuku
0%
#0914 Water Fighting Quaquaval
0%
#0912 Water Quaxly
0%
#0913 Water Quaxwell
0%
#0156 Fire Quilava
0%
#0651 Grass Quilladin
0%
#0814 Fire Raboot
0%
#0954 Bug Psychic Rabsca
0%
#1021 Electric Dragon Raging Bolt
0%
#0243 Electric Raikou
0%
#0280 Psychic Fairy Ralts
0%
#0409 Rock Rampardos
0%
#0384 Dragon Flying Rayquaza
0%
#0384 Dragon Flying Rayquaza Mega
0%
#0378 Ice Regice
0%
#0895 Dragon Regidrago
0%
#0894 Electric Regieleki
0%
#0486 Normal Regigigas
0%
#0377 Rock Regirock
0%
#0379 Steel Registeel
0%
#0369 Water Rock Relicanth
0%
#0953 Bug Rellor
0%
#0223 Water Remoraid
0%
#0643 Dragon Fire Reshiram
0%
#0579 Psychic Reuniclus
0%
#0966 Steel Poison Revavroom
0%
#0743 Bug Fairy Ribombee
0%
#0812 Grass Rillaboom
0%
#0812 Grass Rillaboom Gigantamax
0%
#0447 Fighting Riolu
0%
#1005 Dragon Dark Roaring Moon
0%
#0744 Rock Rockruff
0%
#0744 Rock Rockruff Own Tempo
0%
#0524 Rock Roggenrola
0%
#0837 Rock Rolycoly
0%
#0821 Flying Rookidee
0%
#0315 Grass Poison Roselia
0%
#0407 Grass Poison Roserade
0%
#0479 Electric Ghost Rotom
0%
#0479 Electric Flying Rotom Fan
0%
#0479 Electric Ice Rotom Frost
0%
#0479 Electric Fire Rotom Heat
0%
#0479 Electric Grass Rotom Mow
0%
#0479 Electric Water Rotom Wash
0%
#0722 Grass Flying Rowlet
0%
#0627 Normal Flying Rufflet
0%
#0867 Ground Ghost Runerigus
0%
#0302 Dark Ghost Sableye
0%
#0302 Dark Ghost Sableye Mega
0%
#0373 Dragon Flying Salamence
0%
#0373 Dragon Flying Salamence Mega
0%
#0757 Poison Fire Salandit
0%
#0758 Poison Fire Salazzle
0%
#0503 Water Samurott
0%
#0503 Water Dark Samurott Hisui
0%
#0844 Ground Sandaconda
0%
#0844 Ground Sandaconda Gigantamax
0%
#0551 Ground Dark Sandile
0%
#0769 Ghost Ground Sandygast
0%
#0989 Electric Ground Sandy Shocks
0%
#0539 Fighting Sawk
0%
#0586 Normal Grass Sawsbuck Autumn
0%
#0586 Normal Grass Sawsbuck Spring
0%
#0586 Normal Grass Sawsbuck Summer
0%
#0586 Normal Grass Sawsbuck Winter
0%
#0664 Bug Scatterbug
0%
#0254 Grass Sceptile
0%
#0254 Grass Dragon Sceptile Mega
0%
#0545 Bug Poison Scolipede
0%
#0545 Bug Poison Scolipede Mega
0%
#0813 Fire Scorbunny
0%
#0952 Grass Fire Scovillain
0%
#0560 Dark Fighting Scrafty
0%
#0560 Dark Fighting Scrafty Mega
0%
#0559 Dark Fighting Scraggy
0%
#0985 Fairy Psychic Scream Tail
0%
#0364 Ice Water Sealeo
0%
#0273 Grass Seedot
0%
#0537 Water Ground Seismitoad
0%
#0161 Normal Sentret
0%
#0497 Grass Serperior
0%
#0496 Grass Servine
0%
#0336 Poison Seviper
0%
#0540 Bug Grass Sewaddle
0%
#0319 Water Dark Sharpedo
0%
#0319 Water Dark Sharpedo Mega
0%
#0492 Grass Shaymin Land
0%
#0492 Grass Flying Shaymin Sky
0%
#0292 Bug Ghost Shedinja
0%
#0372 Dragon Shelgon
0%
#0422 Water Shellos East Sea
0%
#0422 Water Shellos West Sea
0%
#0616 Bug Shelmet
0%
#0410 Rock Steel Shieldon
0%
#0275 Grass Dark Shiftry
0%
#0756 Grass Fairy Shiinotic
0%
#0403 Electric Shinx
0%
#0944 Poison Normal Shroodle
0%
#0285 Grass Shroomish
0%
#0213 Bug Rock Shuckle
0%
#0353 Ghost Shuppet
0%
#0561 Psychic Flying Sigilyph
0%
#0266 Bug Silcoon
0%
#0843 Ground Silicobra
0%
#0773 Normal Silvally
0%
#0516 Water Simipour
0%
#0512 Grass Simisage
0%
#0514 Fire Simisear
0%
#1013 Grass Ghost Sinistcha Artisan
0%
#1013 Grass Ghost Sinistcha Counterfeit
0%
#0854 Ghost Sinistea Antique
0%
#0854 Ghost Sinistea Phony
0%
#0850 Fire Bug Sizzlipede
0%
#0227 Steel Flying Skarmory Mega
0%
#0911 Fire Ghost Skeledirge
0%
#0672 Grass Skiddo
0%
#0188 Grass Flying Skiploom
0%
#0300 Normal Skitty
0%
#0451 Poison Bug Skorupi
0%
#0690 Poison Water Skrelp
0%
#0435 Poison Dark Skuntank
0%
#0819 Normal Skwovet
0%
#0289 Normal Slaking
0%
#0287 Normal Slakoth
0%
#0705 Dragon Sliggoo
0%
#0705 Steel Dragon Sliggoo Hisui
0%
#0988 Bug Fighting Slither Wing
0%
#0218 Fire Slugma
0%
#0685 Fairy Slurpuff
0%
#0235 Normal Smeargle
0%
#0928 Grass Normal Smoliv
0%
#0903 Poison Fighting Sneasler
0%
#0495 Grass Snivy
0%
#0872 Ice Bug Snom
0%
#0361 Ice Snorunt
0%
#0459 Grass Ice Snover
0%
#0209 Fairy Snubbull
0%
#0816 Water Sobble
0%
#0791 Psychic Steel Solgaleo
0%
#0577 Psychic Solosis
0%
#0338 Rock Psychic Solrock
0%
#0897 Ghost Spectrier
0%
#0665 Bug Spewpa
0%
#0363 Ice Water Spheal
0%
#0918 Bug Spidops
0%
#0167 Bug Poison Spinarak
0%
#0327 Normal Spinda
0%
#0442 Ghost Dark Spiritomb
0%
#0325 Psychic Spoink
0%
#0906 Grass Sprigatito
0%
#0682 Fairy Spritzee
0%
#0931 Normal Flying Squawkabilly Blue Plumage
0%
#0931 Normal Flying Squawkabilly Green Plumage
0%
#0931 Normal Flying Squawkabilly White Plumage
0%
#0931 Normal Flying Squawkabilly Yellow Plumage
0%
#0805 Rock Steel Stakataka
0%
#0234 Normal Stantler
0%
#0398 Normal Flying Staraptor
0%
#0397 Normal Flying Staravia
0%
#0396 Normal Flying Starly
0%
#0208 Steel Ground Steelix Mega
0%
#0762 Grass Steenee
0%
#0874 Rock Stonjourner
0%
#0508 Normal Stoutland
0%
#0759 Normal Fighting Stufful
0%
#0618 Ground Electric Stunfisk
0%
#0618 Ground Steel Stunfisk Galar
0%
#0434 Poison Dark Stunky
0%
#0185 Rock Sudowoodo
0%
#0245 Water Suicune
0%
#0192 Grass Sunflora
0%
#0191 Grass Sunkern
0%
#0283 Bug Water Surskit
0%
#0541 Bug Grass Swadloon
0%
#0317 Poison Swalot
0%
#0260 Water Ground Swampert
0%
#0260 Water Ground Swampert Mega
0%
#0581 Water Flying Swanna
0%
#0277 Normal Flying Swellow
0%
#0220 Ice Ground Swinub
0%
#0684 Fairy Swirlix
0%
#0528 Psychic Flying Swoobat
0%
#0938 Electric Tadbulb
0%
#0276 Normal Flying Taillow
0%
#0663 Fire Flying Talonflame
0%
#0924 Normal Tandemaus
0%
#0787 Grass Fairy Tapu Bulu
0%
#0788 Water Fairy Tapu Fini
0%
#0785 Electric Fairy Tapu Koko
0%
#0786 Psychic Fairy Tapu Lele
0%
#0917 Bug Tarountula
0%
#0978 Dragon Water Tatsugiri Curly
0%
#0978 Dragon Water Tatsugiri Droopy
0%
#0978 Dragon Water Tatsugiri Stretchy
0%
#0216 Normal Teddiursa
0%
#0498 Fire Tepig
0%
#1024 Normal Terapagos
0%
#1024 Normal Terapagos Stellar
0%
#1024 Normal Terapagos Terastal
0%
#0639 Rock Fighting Terrakion
0%
#0828 Dark Thievul
0%
#0538 Fighting Throh
0%
#0642 Electric Flying Thundurus Incarnate
0%
#0642 Electric Flying Thundurus Therian
0%
#0811 Grass Thwackey
0%
#0532 Fighting Timburr
0%
#1003 Dark Ground Ting-Lu
0%
#0957 Fairy Steel Tinkatink
0%
#0959 Fairy Steel Tinkaton
0%
#0958 Fairy Steel Tinkatuff
0%
#0564 Water Rock Tirtouga
0%
#0777 Electric Steel Togedemaru
0%
#0255 Fire Torchic
0%
#0324 Fire Torkoal
0%
#0641 Flying Tornadus Incarnate
0%
#0641 Flying Tornadus Therian
0%
#0726 Fire Torracat
0%
#0389 Grass Ground Torterra
0%
#0158 Water Totodile
0%
#0733 Normal Flying Toucannon
0%
#0748 Poison Water Toxapex
0%
#0848 Electric Poison Toxel
0%
#0454 Poison Fighting Toxicroak
0%
#0849 Electric Poison Toxtricity Amped
0%
#0849 Electric Poison Toxtricity Amped Gigantamax
0%
#0849 Electric Poison Toxtricity Low Key
0%
#0849 Electric Poison Toxtricity Low Key Gigantamax
0%
#0520 Normal Flying Tranquill
0%
#0328 Ground Trapinch
0%
#0252 Grass Treecko
0%
#0709 Ghost Grass Trevenant
0%
#0357 Grass Flying Tropius
0%
#0568 Poison Trubbish
0%
#0732 Normal Flying Trumbeak
0%
#0763 Grass Tsareena
0%
#0776 Fire Dragon Turtonator
0%
#0387 Grass Turtwig
0%
#0535 Water Tympole
0%
#0602 Electric Tynamo
0%
#0772 Normal Type: Null
0%
#0248 Rock Dark Tyranitar
0%
#0248 Rock Dark Tyranitar Mega
0%
#0697 Rock Dragon Tyrantrum
0%
#0696 Rock Dragon Tyrunt
0%
#0521 Normal Flying Unfezant
0%
#0901 Ground Normal Ursaluna
0%
#0901 Ground Normal Ursaluna Bloodmoon
0%
#0217 Normal Ursaring
0%
#0892 Fighting Water Urshifu Rapid Strike
0%
#0892 Fighting Water Urshifu Rapid Strike Gigantamax
0%
#0892 Fighting Dark Urshifu Single Strike
0%
#0892 Fighting Dark Urshifu Single Strike Gigantamax
0%
#0480 Psychic Uxie
0%
#0583 Ice Vanillish
0%
#0582 Ice Vanillite
0%
#0584 Ice Vanilluxe
0%
#0965 Steel Poison Varoom
0%
#0976 Water Psychic Veluza
0%
#0543 Bug Poison Venipede
0%
#0416 Bug Flying Vespiquen
0%
#0329 Ground Dragon Vibrava
0%
#0494 Psychic Fire Victini
0%
#0288 Normal Vigoroth
0%
#0738 Bug Electric Vikavolt
0%
#0640 Grass Fighting Virizion
0%
#0666 Bug Flying Vivillon
0%
#0313 Bug Volbeat
0%
#0721 Fire Water Volcanion
0%
#0637 Bug Fire Volcarona
0%
#0629 Dark Flying Vullaby
0%
#0320 Water Wailmer
0%
#0321 Water Wailord
0%
#1009 Water Dragon Walking Wake
0%
#0365 Ice Water Walrein
0%
#0505 Normal Watchog
0%
#0940 Electric Flying Wattrel
0%
#0461 Dark Ice Weavile
0%
#0547 Grass Fairy Whimsicott
0%
#0544 Bug Poison Whirlipede
0%
#0340 Water Ground Whiscash
0%
#0293 Normal Whismur
0%
#0767 Bug Water Wimpod
0%
#0278 Water Flying Wingull
0%
#0746 Water Wishiwashi School
0%
#0746 Water Wishiwashi Solo
0%
#0202 Psychic Wobbuffet
0%
#1001 Dark Grass Wo-Chien
0%
#0527 Psychic Flying Woobat
0%
#0831 Normal Wooloo
0%
#0413 Bug Grass Wormadam Plant Cloak
0%
#0413 Bug Ground Wormadam Sandy Cloak
0%
#0413 Bug Steel Wormadam Trash Cloak
0%
#0265 Bug Wurmple
0%
#0360 Psychic Wynaut
0%
#0899 Normal Psychic Wyrdeer
0%
#0178 Psychic Flying Xatu
0%
#0716 Fairy Xerneas Active
0%
#0716 Fairy Xerneas Neutral
0%
#0796 Electric Xurkitree
0%
#0562 Ghost Yamask
0%
#0562 Ground Ghost Yamask Galar
0%
#0835 Electric Yamper
0%
#0193 Bug Flying Yanma
0%
#0469 Bug Flying Yanmega
0%
#0734 Normal Yungoos
0%
#0717 Dark Flying Yveltal
0%
#0888 Fairy Steel Zacian Crowned
0%
#0888 Fairy Zacian Hero
0%
#0889 Fighting Steel Zamazenta Crowned
0%
#0889 Fighting Zamazenta Hero
0%
#0335 Normal Zangoose
0%
#0893 Dark Grass Zarude
0%
#0893 Dark Grass Zarude Dada
0%
#0523 Electric Zebstrika
0%
#0644 Dragon Electric Zekrom
0%
#0807 Electric Zeraora
0%
#0263 Normal Zigzagoon
0%
#0263 Dark Normal Zigzagoon Galar
0%
#0571 Dark Zoroark
0%
#0571 Normal Ghost Zoroark Hisui
0%
#0570 Dark Zorua
0%
#0570 Normal Ghost Zorua Hisui
0%
#0634 Dark Dragon Zweilous
0%
#0718 Dragon Ground Zygarde 10%
0%
#0718 Dragon Ground Zygarde 50%
0%
#0718 Dragon Ground Zygarde Complete
0%
#0718 Dragon Ground Zygarde Mega
0%
No matching quizzes found
Score Distribution
Percent of People with Each Score
Percentile by Number Answered
Your Score History
You have not taken this quiz since the last reset